największe wyspy Indonezji (przekraczające 600km2) - Statystyki

Ogólne statystyki
  • Ten quiz został rozwiązany 11 razy
  • Średni wynik to 7 z 52
Statystyki odpowiedzi
Hint Odpowiedź % Poprawnych
15 Bali
100%
1 Kalimantan/Borneo
100%
3 Nowa Gwinea
82%
2 Sumatra
82%
5 Jawa
73%
4 Celebes
64%
8 Timor
64%
13 Sumba
18%
9 Sumbawa
18%
11 Yos Sudarso/ Dolak
18%
12 Bangka
9%
14 Buru
9%
10 Flores
9%
19 Lombok
9%
16 Madura
9%
18 Nias
9%
7 Seram
9%
21 Siberut
9%
22 Wetar
9%
32 Alor
0%
51 Ambon
0%
34 Bacan
0%
17 Belitung
0%
50 Bengkalis
0%
27 Biak
0%
47 Bintan
0%
20 Buton
0%
6 Halmahera
0%
38 Kobroor
0%
33 Laut
0%
44 Lembata/Lomblen
0%
45 Mangole
0%
49 Maya
0%
37 Misool
0%
30 Morotai
0%
39 Muna
0%
35 Natuna Besar
0%
26 Obi
0%
48 Padang
0%
29 Peleng
0%
46 Roti
0%
43 Rupat
0%
40 Salawati
0%
52 Samosir
0%
36 Simeulue
0%
25 Taliabu
0%
42 Tebingtinggi/Rantau
0%
31 Trangan
0%
23 Waigeo
0%
41 Wokam
0%
24 Yamdena
0%
28 Yapen
0%
Nie znaleziono quizów pasujących do podanych kryteriów
Rozkład punktacji
Procent ludzi z każdym wynikiem
Percentyl według liczby udzielonych odpowiedzi
Twoja historia wyników
Nie rozwiązałeś tego quizu